the name of this book is secret (Record no. 8411)

MARC details
000 -LEADER
fixed length control field 01000nam a22002177a 4500
003 - CONTROL NUMBER IDENTIFIER
control field OSt
005 - DATE AND TIME OF LATEST TRANSACTION
control field 20260216015305.0
008 - FIXED-LENGTH DATA ELEMENTS--GENERAL INFORMATION
fixed length control field 260216b |||||||| |||| 00| 0 eng d
020 ## - INTERNATIONAL STANDARD BOOK NUMBER
International Standard Book Number 9780316113663
040 ## - CATALOGING SOURCE
Original cataloging agency DWCL GS library
Transcribing agency OC
082 ## - DEWEY DECIMAL CLASSIFICATION NUMBER
Classification number Fic.B472n 2007
100 ## - MAIN ENTRY--PERSONAL NAME
Personal name Bosch, Pseudonymous
245 ## - TITLE STATEMENT
Title the name of this book is secret
Remainder of title : read this book if you dare!
Statement of responsibility, etc. Bosch, Pseudonymous
260 ## - PUBLICATION, DISTRIBUTION, ETC.
Place of publication, distribution, etc. New York
Name of publisher, distributor, etc. Hachette book group
Date of publication, distribution, etc. c2007
300 ## - PHYSICAL DESCRIPTION
Extent 360
Other physical details illustrations
Dimensions 20cm
504 ## - BIBLIOGRAPHY, ETC. NOTE
Bibliography, etc. note includes bibliographical notes
520 ## - SUMMARY, ETC.
Summary, etc. The Name of This Book Is Secret (2007) by Pseudonymous Bosch is a middle-grade mystery/fantasy following 11-year-olds Cass and Max-Ernest. They investigate the suspicious death of a magician, discovering a mysterious box of vials and a sinister plot for immortality involving a cult, the Midnight Sun.
546 ## - LANGUAGE NOTE
Language note English
700 ## - ADDED ENTRY--PERSONAL NAME
Personal name Pseudonymous, Bosch
942 ## - ADDED ENTRY ELEMENTS (KOHA)
Source of classification or shelving scheme Dewey Decimal Classification
Koha item type Fiction
Classification part Fic. B472n 2007
Suppress in OPAC No
952 ## - LOCATION AND ITEM INFORMATION (KOHA)
--
Holdings
Withdrawn status Lost status Source of classification or shelving scheme Damaged status Not for loan Home library Current library Shelving location Date acquired Source of acquisition Total Checkouts Full call number Barcode Date last seen Price effective from Koha item type Uniform Resource Identifier
    Dewey Decimal Classification     Grade School Library Grade School Library Fiction 02/16/2026 School Fund, Donation   Fic. B472n 2007 21388 02/16/2026 02/16/2026 FIC.